| 000 | 00968cam8a220028900 4500 | ||
|---|---|---|---|
| 001 | mtr00467101 | ||
| 005 | 20190813174636.0 | ||
| 008 | 780626s1977 sz a i000 0 eng | ||
| 010 | _a 78308082 //r81 | ||
| 020 |
_c _1.00 (U.S.) |
||
| 035 | _a(Sirsi) r24409 | ||
| 035 | _a(UPRA)mtr00467101 | ||
| 040 | _dUPRA | ||
| 050 | 0 |
_aRC961 _b.D67 |
|
| 082 | 0 |
_a616.9/88/3 _219 |
|
| 100 | 1 |
_aDorozynski, Alexandre, 1931- _dDorozynski, Alexandre, 1931- _6A86896.1 |
|
| 245 | 1 | 0 |
_aTropical diseases / _c[text by A. Dorozynski]. |
| 260 |
_aGeneva : _bWorld Health Organization, _c[1977?] |
||
| 500 | _aCover title. | ||
| 650 | 0 |
_aTropical medicine. _6S193.1 |
|
| 949 |
_aRC961 _wLC _i-24020 _mMEDICAL _p100 _tBOOK _lON-SHELF |
||
| 949 |
_aRC961 _wLC _i-24021 _mMEDICAL _tBOOK _lON-SHELF |
||
| 949 |
_aRC961 _wLC _i-24022 _mMEDICAL _tBOOK _lON-SHELF |
||
| 949 |
_aRC961 _wLC _i-24023 _mMEDICAL _tBOOK _lON-SHELF |
||
| 949 |
_aRC961 _wLC _i-24024 _mMEDICAL _tBOOK _lON-SHELF |
||
| 004 | 24409 | ||
| 999 |
_c43732 _d43732 |
||